Cẩm nang thiết kế và sử dụng thiết bị đóng cắt
Bewaard in:
| Coauteur: | |
|---|---|
| Formaat: | Boek |
| Taal: | Undetermined |
| Gepubliceerd in: |
Hà Nội
Khoa học kỹ thuật
2006
|
| Onderwerpen: | |
| Tags: |
Voeg label toe
Geen labels, Wees de eerste die dit record labelt!
|
| Thư viện lưu trữ: | Trung tâm Học liệu Trường Đại học Cần Thơ |
|---|
| LEADER | 00817nam a2200205Ia 4500 | ||
|---|---|---|---|
| 001 | CTU_118475 | ||
| 008 | 210402s9999 xx 000 0 und d | ||
| 020 | |c 107000 | ||
| 082 | |a 621.317 | ||
| 082 | |b M679 | ||
| 110 | |a Mitsubishi Electric | ||
| 245 | 0 | |a Cẩm nang thiết kế và sử dụng thiết bị đóng cắt | |
| 245 | 0 | |c Mitsubishi Electric; Phan Thanh Bình ... [et al.] biên dịch | |
| 260 | |a Hà Nội | ||
| 260 | |b Khoa học kỹ thuật | ||
| 260 | |c 2006 | ||
| 650 | |a Electric circuit-breakers,Electric relays,Electric switchgear,Electric fuses | ||
| 650 | |x Design,Handbooks, manuals, etc.,Handbooks, manuals, etc.,Design,Design,Handbooks, manuals, etc.,Design,Handbooks, manuals, etc. | ||
| 904 | |i Minh | ||
| 980 | |a Trung tâm Học liệu Trường Đại học Cần Thơ | ||